| 000 | 00451nam a2200181Ia 4500 | ||
|---|---|---|---|
| 005 | 20240419015254.0 | ||
| 008 | 240331s9999 xx 000 0 und d | ||
| 020 | _a8170366445 | ||
| 082 |
_bCUS _a331.4 |
||
| 100 | _aCusters, Peter | ||
| 245 | 0 | _aCapital accumulation and women's labour in Asian economies | |
| 250 | _a1st | ||
| 260 |
_aLondon : _bZed books / _c1997. |
||
| 300 | _a401 p ., | ||
| 650 | _aWomen | ||
| 650 | _aEconomics | ||
| 942 | _cL | ||
| 999 |
_c2592 _d2592 |
||